[Event "Moravia-Silesia Region-chT 2223"]
[Site "Czech Republic"]
[Date "2023.02.26"]
[Round "9"]
[White "Sebesta, Petr1111"]
[Black "Klapuch, Dominik"]
[Result "1/2-1/2"]
[WhiteElo "1699"]
[BlackElo "1811"]
[PlyCount "53"]
[EventDate "2022.10.09"]
[EventType "team-tourn"]
[EventRounds "11"]
[EventCountry "CZE"]
[SourceTitle "EXT 2024"]
[Source "ChessBase"]
[SourceDate "2023.10.10"]
[SourceVersion "1"]
[SourceVersionDate "2023.10.10"]
[SourceQuality "1"]
[WhiteTeam "Orlova Slavia III"]
[BlackTeam "Opava Slezan"]
[WhiteTeamCountry "CZE"]
[BlackTeamCountry "CZE"]

1. b3 e5 2. Bb2 Nc6 3. e3 Nf6 4. Bb5 d6 5. d4 exd4 6. Qxd4 Bd7 7. Bxc6 Bxc6 8. Nf3 Be7 9. Nbd2 Qd7 10. h3 Qf5 11. 0-0-0 Qd5 12. Rhg1 Qxd4 13. Nxd4 Bd7 14. g4 0-0-0 15. Nf5 Bxf5 16. gxf5 g6 17. Rg3 Rhg8 18. fxg6 Rxg6 19. Rdg1 Rdg8 20. Kd1 Rxg3 21. Rxg3 Rxg3 22. fxg3 Nd5 23. Nf1 Bg5 24. e4 Nb4 25. a3 Na6 26. Ke2 Kd7 27. Ne3 1/2-1/2

[Event "Moravia-Silesia Region-chT 2223"]
[Site "Czech Republic"]
[Date "2023.02.12"]
[Round "8"]
[White "Klapuch, Dominik"]
[Black "Stusek, Petr"]
[Result "1-0"]
[WhiteElo "1811"]
[BlackElo "1443"]
[PlyCount "65"]
[EventDate "2022.10.09"]
[EventType "team-tourn"]
[EventRounds "11"]
[EventCountry "CZE"]
[SourceTitle "EXT 2024"]
[Source "ChessBase"]
[SourceDate "2023.10.10"]
[SourceVersion "1"]
[SourceVersionDate "2023.10.10"]
[SourceQuality "1"]
[WhiteTeam "Opava Slezan"]
[BlackTeam "Koprivnice Tatra II"]
[WhiteTeamCountry "CZE"]
[BlackTeamCountry "CZE"]

1. e4 c6 2. d4 d5 3. Nc3 dxe4 4. Nxe4 Bf5 5. Ng3 Bg6 6. h4 h6 7. Nf3 Nd7 8. Bd3 Bxd3 9. Qxd3 Ngf6 10. Bd2 e6 11. 0-0 Bd6 12. Ne4 Nxe4 13. Qxe4 Nf6 14. Qe2 0-0 15. c4 b6 16. Bc3 c5 17. Rad1 Qc7 18. d5 e5 19. Bxe5 Rfe8 20. Bxd6 Qxd6 21. Qd3 Re7 22. Rfe1 Rae8 23. Rxe7 Rxe7 24. Re1 Rxe1+ 25. Nxe1 Qe5 26. Nf3 Qxb2 27. d6 Qc1+ 28. Kh2 Ng4+ 29. Kg3 Nxf2 30. Kxf2 Qb2+ 31. Kg3 Qf6 32. d7 Qd8 33. Qd6 1-0

[Event "Moravia-Silesia Region-chT 2223"]
[Site "Czech Republic"]
[Date "2022.10.09"]
[Round "1"]
[White "Klapuch, Dominik"]
[Black "Balogh, Milan"]
[Result "1-0"]
[WhiteElo "1707"]
[BlackElo "1757"]
[PlyCount "85"]
[EventDate "2022.10.09"]
[EventType "team-tourn"]
[EventRounds "11"]
[EventCountry "CZE"]
[SourceTitle "EXT 2024"]
[Source "ChessBase"]
[SourceDate "2023.10.10"]
[SourceVersion "1"]
[SourceVersionDate "2023.10.10"]
[SourceQuality "1"]
[WhiteTeam "Opava Slezan"]
[BlackTeam "Ostrava III"]
[WhiteTeamCountry "CZE"]
[BlackTeamCountry "CZE"]

1. e4 e6 2. d4 d5 3. Nc3 Bb4 4. e5 c5 5. Bd2 a6 6. a3 Bxc3 7. Bxc3 cxd4 8. Bxd4 b6 9. Qg4 g6 10. Nf3 Nh6 11. Qf4 Nf5 12. Bc3 Nc6 13. 0-0-0 h6 14. h4 Bb7 15. g4 Ng7 16. Nd4 Qd7 17. Qf6 Rg8 18. h5 Qe7 19. Qxe7+ Nxe7 20. hxg6 Nxg6 21. Rxh6 0-0-0 22. Re1 Rh8 23. Bd2 Rdg8 24. Bd3 Nf8 25. Reh1 Rxh6 26. Bxh6 Nd7 27. Bh7 Nxe5 28. Bxg8 Ne8 29. f3 Nd6 30. Bf4 Ndc4 31. b3 Ng6 32. Bh6 Nd6 33. Bh7 Ne7 34. Bf8 Kd7 35. Bxe7 Kxe7 36. Re1 Kf6 37. Bd3 e5 38. g5+ Kxg5 39. Rxe5+ Kf4 40. Re7 b5 41. Rd7 Ke5 42. f4+ Kxd4 43. Rxd6 1-0

[Event "CZE-ch Betsys Online Blitz"]
[Site "Chess.com INT"]
[Date "2021.04.17"]
[Round "11"]
[White "Koller, Martin"]
[Black "Klapuch, Dominik"]
[Result "0-1"]
[WhiteElo "1832"]
[BlackElo "1195"]
[PlyCount "114"]
[EventDate "2021.04.17"]
[EventType "swiss (blitz)"]
[EventRounds "13"]
[EventCountry "CZE"]
[SourceTitle "CBM 201 Extra"]
[Source "ChessBase"]
[SourceDate "2021.05.31"]
[SourceVersion "1"]
[SourceVersionDate "2021.05.31"]
[SourceQuality "1"]

1. d4 Nf6 2. c4 g6 3. Nc3 d5 4. cxd5 Nxd5 5. e4 Nxc3 6. bxc3 Bg7 7. Nf3 0-0 8. Be2 c5 9. Be3 b6 10. 0-0 Bb7 11. d5 Bxc3 12. Rb1 Bg7 13. Bxc5 Bxd5 14. Bxe7 Qxe7 15. Qxd5 Nd7 16. Rfc1 Nc5 17. e5 Rfe8 18. Bc4 Rad8 19. Qc6 Bxe5 20. Re1 Rd6 21. Qxd6 Qxd6 22. Rbd1 Qc7 23. Ng5 Bxh2+ 24. Kf1 Rxe1+ 25. Rxe1 Ne6 26. Nxe6 Qxc4+ 27. Re2 fxe6 28. g3 Qc1+ 29. Kg2 Bxg3 30. fxg3 Qc6+ 31. Kf2 Qc5+ 32. Kg2 Qd5+ 33. Kf2 Qd4+ 34. Kg2 Kf7 35. Rf2+ Ke7 36. Rf3 Qd5 37. Kf2 Kd6 38. Re3 Kc5 39. Ke2 Kc4 40. Kf2 Qd2+ 41. Kf3 Qxe3+ 42. Kxe3 Kc3 43. Ke4 Kb2 44. Ke5 Kxa2 45. Kxe6 b5 46. Kf6 b4 47. Kg7 b3 48. Kxh7 b2 49. Kxg6 b1Q+ 50. Kh6 Qg1 51. g4 Qxg4 52. Kh7 Kb3 53. Kh6 Kc4 54. Kh7 Kd5 55. Kh6 Ke6 56. Kh7 Kf7 57. Kh6 Qg6# 0-1